| 000 | 00608nam a22001937a 4500 | ||
|---|---|---|---|
| 999 |
_c233545 _d233545 |
||
| 003 | Nust | ||
| 005 | 20180117090025.0 | ||
| 008 | 170308b xxu||||| |||| 00| 0 eng d | ||
| 020 | _a0534593208 | ||
| 040 | _c0 | ||
| 082 | _a150 | ||
| 100 | _aWayne Weiten | ||
| 245 | _aConcept charts for study and review to accompany psychology themes and variations | ||
| 250 | _a6th ed. | ||
| 260 |
_aAustralia _bWardsworth _c2004. |
||
| 300 | _a33p | ||
| 942 |
_cBK _2ddc |
||